01161 a2200181 45000010006000000050017000060080041000230030015000640400040000790800097001192450091002160200018003072640044003253000019003695050560003880410008009481000023009565436420260407155816.0260407a1984 arg spa dAR-UNSa-BCEJYS aAR-UNSa-BCEJYSbspacAR-UNSa-BCEJYS a338.43xAgricultura como una rama de la economía. Economía de los productos alimenticios10aEconomía social agrariapteoría y acción del cooperativismo en el ámbito rural a950-14-0206-1 1aBuenos Aires :bEdiciones Depalmac1984 a433 p.c23 cm. a1. Las líneas distintivas del desarrollo Argentino – 2. Unidad de explotación agraria y concentración vertical cooperativa – 3. Acción cooperativa agraria – 4. Un lustro de reivindicaciones agrarias: 1928/33 – 5. La implantación de un sistema general de elevadores de granos – 6. La asociación de cooperativas Argentinas y la primera red de elevadores de granos en la afluencia al puerto de rosario – 7. 1932. La dura batalla – 8. La defensa de la producción agropecuaria – 9. Cooperativismo agrario y desarrollo económico. aspa1 aCarracedo, Orlando